<?xml version="1.0" encoding="UTF-8"?>
<record
    xmlns:xsi="http://www.w3.org/2001/XMLSchema-instance"
    xsi:schemaLocation="http://www.loc.gov/MARC21/slim http://www.loc.gov/standards/marcxml/schema/MARC21slim.xsd"
    xmlns="http://www.loc.gov/MARC21/slim">

  <leader>01719nam a2200313Ia 4500</leader>
  <controlfield tag="001">H4275</controlfield>
  <controlfield tag="003">IT-RoPAU</controlfield>
  <controlfield tag="008">130308s9999    xx            000 0 und d</controlfield>
  <datafield tag="040" ind1=" " ind2=" ">
    <subfield code="a">IT-RoPAU</subfield>
  </datafield>
  <datafield tag="040" ind1=" " ind2=" ">
    <subfield code="c">IT-RoPAU</subfield>
  </datafield>
  <datafield tag="041" ind1=" " ind2=" ">
    <subfield code="a">ITALIANO</subfield>
  </datafield>
  <datafield tag="100" ind1=" " ind2=" ">
    <subfield code="a">Mickovic Aleksandar</subfield>
  </datafield>
  <datafield tag="100" ind1=" " ind2=" ">
    <subfield code="g">Codice Aut. SPICS: 57086</subfield>
  </datafield>
  <datafield tag="245" ind1=" " ind2=" ">
    <subfield code="a">Enciclopedia della fantascienza in tv-2- gli anni '70</subfield>
  </datafield>
  <datafield tag="245" ind1=" " ind2=" ">
    <subfield code="b">Enciclopedia della Fantascienza in Tv-2- gli Anni '70</subfield>
  </datafield>
  <datafield tag="250" ind1=" " ind2=" ">
    <subfield code="a">1a ed.</subfield>
  </datafield>
  <datafield tag="260" ind1=" " ind2=" ">
    <subfield code="a">ROMA</subfield>
  </datafield>
  <datafield tag="260" ind1=" " ind2=" ">
    <subfield code="b">Fanucci</subfield>
  </datafield>
  <datafield tag="260" ind1=" " ind2=" ">
    <subfield code="c">2003 [1&#xB0; Ed.:2003 - Ed.Ling.Originale:2003]</subfield>
  </datafield>
  <datafield tag="300" ind1=" " ind2=" ">
    <subfield code="a">"272 p. (prefazione: no ; testo: 272 [pagine: 0-0])"</subfield>
  </datafield>
  <datafield tag="500" ind1=" " ind2=" ">
    <subfield code="a">"Gli Anni '70. Introduzione. Guida Alla Consultazione. Glossario. Ringraziamenti. Enciclopedia della Fantascienza in tv   gli Anno '70. Appendice   Episodi Pilota. Bibliografia. Il Secondo Volume Copre le produzioni Realizzate tra Il 1970 e Il 1979, con classici Come Spazio 1999, Galactica o I Sopravvissuti, e Opere meno Note Quali ""Prigionieri delle Pietre"" e ""Jason del comando Stellare"". Gli Anni '70 Sono Anche Stati Uno dei Periodi Piu' Prolifici per la Produzione Italiana: Sugli schermi dell'Emittente di Stato Furono Trasmessi Celebri Sceneggiati Come ""A Come Andromeda"" o ""Gamma"" Accanto Aserie Dimenticate Come ""Oltre Il 2000"" e ""Racconti di Fantascienza"". L'Opera Offre un Panorama Completo e Dettagliato su un Aspetto Centrale della Storia della Fantascienza e della Cultura Popolare in Genere."</subfield>
  </datafield>
  <datafield tag="650" ind1=" " ind2=" ">
    <subfield code="a">GENERI TELEVISIVI</subfield>
  </datafield>
  <datafield tag="650" ind1=" " ind2=" ">
    <subfield code="e">Codice materia Spics: 6960</subfield>
  </datafield>
  <datafield tag="700" ind1=" " ind2=" ">
    <subfield code="a">Rossi MarcelloVianello Nicola</subfield>
  </datafield>
  <datafield tag="700" ind1=" " ind2=" ">
    <subfield code="g">Codice Aut. SPICS: 57087Codice Aut. SPICS:  57088</subfield>
  </datafield>
  <datafield tag="942" ind1=" " ind2=" ">
    <subfield code="c">BK</subfield>
  </datafield>
  <datafield tag="957" ind1=" " ind2=" ">
    <subfield code="7">1</subfield>
  </datafield>
  <datafield tag="999" ind1=" " ind2=" ">
    <subfield code="c">94076</subfield>
    <subfield code="d">94076</subfield>
  </datafield>
  <datafield tag="999" ind1=" " ind2=" ">
    <subfield code="g">1</subfield>
  </datafield>
  <datafield tag="952" ind1=" " ind2=" ">
    <subfield code="0">0</subfield>
    <subfield code="1">0</subfield>
    <subfield code="4">0</subfield>
    <subfield code="6">H_000000000000000_4275</subfield>
    <subfield code="7">1</subfield>
    <subfield code="a">SPICS</subfield>
    <subfield code="b">SPICS</subfield>
    <subfield code="d">2013-03-08</subfield>
    <subfield code="l">0</subfield>
    <subfield code="o">H4275</subfield>
    <subfield code="r">2013-03-08 00:00:00</subfield>
    <subfield code="w">2013-03-08</subfield>
    <subfield code="y">BK</subfield>
    <subfield code="z">Progressivo inserimento:  44871 /  N. Volumi: 1 Copie: 1  / data import: 1 marzo 2013 - By Epidotti, Trombetti, Vaglietti. </subfield>
  </datafield>
</record>
